| 000 | 01295nam a2200289 i 4500 | ||
|---|---|---|---|
| 003 | DO-SdBNP | ||
| 005 | 20230922150213.0 | ||
| 007 | ta | ||
| 008 | 110413s199- dr 000 0 spa d | ||
| 040 |
_aDO-SdBNP _bspa _cBNPHU _erda |
||
| 082 |
_a332.1 _bS964f _222 |
||
| 100 | 1 |
_aSusano Lucero, Aurelio Reynaldo _912719 |
|
| 245 | 1 | 0 |
_aFomento de la inversión productiva por medio de los servicios de las instituciones financieras de desarrollo : _bel caso de la Corporación Financiera de Desarrollo, S.A., COFIDE / _cAurelio Reynaldo Susano Lucero |
| 264 | 1 |
_aLima, Peru: _bALIDE, _c[Fecha no indentificada]. |
|
| 300 |
_a203 páginas _c23 cm. |
||
| 336 |
_2rdacontent _atexto _btxt |
||
| 337 |
_2rdamedia _asin mediación _bn |
||
| 338 |
_2rdacarrier _avolumen _bnc |
||
| 504 | _aBibliografía p: 199-203 | ||
| 586 | _aTrabajo ganador del XIV concurso Latinoamericano sobre Banca de Fomento, convocado por la Asociación Latinoamericana de Instituciones Financieras de Desarrollo (ALIDE) | ||
| 590 | _aInventariado, 2023/ YL | ||
| 650 | 4 |
_aInstituciones financieras _xAmérica Latina _983873 |
|
| 650 | 4 |
_aInversiones _92721 _xAmérica Latina |
|
| 710 | 1 |
_aAsociación Latinoamericana de Instituciones Fiancieras de Desarrollo (ALIDE) _984263 |
|
| 910 | _aYLockward | ||
| 942 |
_2ddc _cLBS1 |
||
| 999 |
_c54910 _d54910 |
||